MARC

LEADER 00000nam0a2200000 4500
001 27302
005 20231101205802.0
010 |a 5931960074 
035 |a (RuTPU)RU\TPU\book\27551 
035 |a BOOK00027626 
090 |a 27302 
100 |a 20011209d2000 km y0rusy50 ca 
101 0 |a eng  |a rus 
102 |a RU 
105 |a y e 000zy 
200 1 |a Англо-русский словарь коммерческих терминов (для электроэнергетики)  |e Свыше 4 000 терминов  |f сост.: В. А. Семенов 
210 |a Москва  |c Изд-во НЦ ЭНАС  |d 2000 
215 |a 92 с. 
606 |a Электроэнергетические системы  |2 stltpush  |3 (RuTPU)RU\TPU\subj\21043  |9 46092 
606 |a Английский язык  |x Терминологические словари  |2 stltpush  |3 (RuTPU)RU\TPU\subj\29063  |9 52475 
610 1 |a энергетика 
610 1 |a энергетические предприятия 
610 1 |a финансы 
610 1 |a электроэнергия 
610 1 |a расчеты 
610 1 |a коммерческие отделы 
610 1 |a словари 
610 1 |a терминологические словари 
675 |a 621.311(031)  |v 3 
686 |a Ш143.21-43  |v LBC/SL-A  |2 rubbk 
702 1 |a Семенов  |b В. А.  |g Владимир Александрович  |4 220 
801 0 |a RU  |b 63413507  |c 20011209  |g PSBO 
801 2 |a RU  |b 63413507  |c 20170925  |g PSBO 
942 |c BK